Представление документа в формате MARC21

ПолеНазваниеЗначение
  Тип записи a
  Библиографический уровень m
001 Контрольный номер RU\infra-m\znanium\bibl\1931473
005 Дата корректировки 20260429142213.7
008 Кодируемые данные 241025s2022 RU g rus u
020 Индекс ISBN __
a ISBN 978-5-16-015704-7
020 Индекс ISBN __
a ISBN 978-5-16-109081-7 (электр. издание)
040 Источник каталогиз. __
a Служба первич. каталог. Общество с ограниченной ответственностью «ЗНАНИУМ»
041 Код языка издания __
a Код языка текста rus
044 Код страны публикации __
a Код страны публикации RU
080 Индекс УДК __
a Индекс УДК 811.112.2(075.32)
084 Индекс другой классификации/Индекс ББК __
2 Источник индекса rubbk
a Индекс другой классификации/Индекс ББК 81.2Нем.я723
084 Индекс другой классификации/Индекс ББК __
2 Источник индекса okso
a Индекс другой классификации/Индекс ББК 00.01.02
084 Индекс другой классификации/Индекс ББК __
2 Источник индекса okso
a Индекс другой классификации/Индекс ББК 00.02.02
084 Индекс другой классификации/Индекс ББК __
2 Источник индекса okso
a Индекс другой классификации/Индекс ББК 23.01.08
100 Автор __
a Автор Васильева М.М.
q Полное имя Васильева Марианна Матвеевна
245 Заглавие __
a Заглавие Практическая грамматика немецкого языка
b Продолж. заглавия Учебное пособие
250 Сведения об издании __
a Основные сведения об издании 15
260 Выходные данные __
a Место издания Москва
b Издательство ООО "Научно-издательский центр ИНФРА-М"
c Дата издания 2023
300 Физическое описание __
a Объем 255 с.
440 Серия __
a Серия Среднее профессиональное образование
520 Аннотация __
a Аннотация В наглядной форме представлены основные сведения по морфологии синтаксису и словообразованию в немецком языке. При подготовке настоящего издания использовалась новейшая литература по грамматике немецкого языка изданная в Германии. Для студентов учреждений среднего профессионального образования. Может быть полезно учащимся старших классов а также поступающим в высшие учебные заведения.
521 Примеч. о цел. назн. __
a Примеч. о целев. назн. Среднее профессиональное образование
650 Тематические рубрики __
a Основная рубрика Филологические науки
x Основная подрубрика Немецкий язык
655 Указ. предметных рубрик (устаревшее) __
a Жанр/ форма (устаревшее) Учебное пособие
700 Другие авторы __
a Другие авторы Васильева М.А.
q Полное имя Васильева Марианна Александровна
u Дополнение Всероссийская академия внешней торговли Министерства экономического развития Российской Федерации
856 Электронный адрес документа 4_
a Имя сервера/домена znanium.com
m Помощь ebs_support@infra-m.ru
n Местонахождение сервера НИЦ ИНФРА-М
u URL https://znanium.com/catalog/document?id=422088
856 Электронный адрес документа 48
a Имя сервера/домена znanium.com
d Путь /cover/1931
f Электронное имя 1931473.jpg
q Тип электронного формата image/jpeg
u URL https://znanium.com/cover/1931/1931473.jpg
911 __
u 0030=https://znanium.com/catalog/document?id=422088